| 000 | 00693cab a2200181 4500 | ||
|---|---|---|---|
| 001 | ##L132846 | ||
| 008 | 060314n2006 000 0 eng u | ||
| 035 | _a(Sirsi) u132846 | ||
| 041 | 0 | _aeng | |
| 100 | 1 | _aBalls, Ed | |
| 245 | 0 | 0 | _aConsider Horbury |
| 260 | _c2006 | ||
| 490 | 0 |
_aBuilding _v271(8421) 10 March 2006, 35(1) |
|
| 520 | _aThe author, who is a MP, argues that CABE is correct to insist on high design standards for both conventional and PFI procurement models. Cites examples of both good and bad public sector design in his constituency. | ||
| 650 | 2 | 4 | _aCOMMISSION FOR ARCHITECTURE AND THE BUILT ENVIRONMENT |
| 690 | _aBUILT ENVIRONMENT-CONSTRUCTION DESIGN | ||
| 942 | _n0 | ||
| 999 |
_c76658 _d76658 |
||